<?xml version="1.0" encoding="UTF-8"?>
<record
    xmlns:xsi="http://www.w3.org/2001/XMLSchema-instance"
    xsi:schemaLocation="http://www.loc.gov/MARC21/slim http://www.loc.gov/standards/marcxml/schema/MARC21slim.xsd"
    xmlns="http://www.loc.gov/MARC21/slim">

  <leader>01812nab a22003017a 4500</leader>
  <datafield tag="999" ind1=" " ind2=" ">
    <subfield code="c">5538</subfield>
    <subfield code="d">5538</subfield>
  </datafield>
  <controlfield tag="003">OSt</controlfield>
  <controlfield tag="005">20251215150456.0</controlfield>
  <controlfield tag="008">190429b        xxu||||| |||| 00| 0 spa d</controlfield>
  <datafield tag="040" ind1=" " ind2=" ">
    <subfield code="c">PJ</subfield>
  </datafield>
  <datafield tag="100" ind1=" " ind2=" ">
    <subfield code="9">6519</subfield>
    <subfield code="a">Borzi Cirilli, Federico A.</subfield>
  </datafield>
  <datafield tag="245" ind1="1" ind2="0">
    <subfield code="a">Juicios por la verdad hist&#xF3;rica :</subfield>
    <subfield code="b">el dilema entre la tutela judicial de la v&#xED;ctima y la  irretroactividad de la ley penal m&#xE1;s gravosa /</subfield>
    <subfield code="c">Federico A. Borzi Cirilli.</subfield>
  </datafield>
  <datafield tag="260" ind1=" " ind2=" ">
    <subfield code="c">Ciudad Aut&#xF3;noma de Buenos Aires :</subfield>
    <subfield code="a">Thomson Reuters La Ley, </subfield>
    <subfield code="b">2025.</subfield>
  </datafield>
  <datafield tag="300" ind1=" " ind2=" ">
    <subfield code="a">p. 90-99</subfield>
  </datafield>
  <datafield tag="500" ind1=" " ind2=" ">
    <subfield code="a">Cita: AR/DOC/183/2025.</subfield>
  </datafield>
  <datafield tag="505" ind1=" " ind2=" ">
    <subfield code="a">Sumario: I. Presentaci&#xF3;n del fallo.&#x2014; II. Origen de la doctrina: la investigaci&#xF3;n de los delitos de lesa humanidad cometidos durante la &#xFA;ltima dictadura militar.&#x2014; III. El sistema de prescripci&#xF3;n de la acci&#xF3;n penal y sus reformas.&#x2014; IV. Los juicios por la verdad en la actualidad. El fallo comentado.&#x2014; V. La redefinici&#xF3;n del rol de la v&#xED;ctima. El surgimiento de responsabilidad estatal.&#x2014; VI. S&#xED;ntesis y conclusiones.
</subfield>
  </datafield>
  <datafield tag="505" ind1=" " ind2=" ">
    <subfield code="t">Fallo comentado:  Juzgado de Garant&#xED;as Nro. 2 de Azul ~ 18/04/2024 ~ ..., J. C. s/ abuso sexual gravemente ultrajante y abuso sexual con acceso carnal agravado.</subfield>
  </datafield>
  <datafield tag="505" ind1=" " ind2=" ">
    <subfield code="t">Si te interesa el texto completo, solicitalo a koha@justierradelfuego.gov.ar </subfield>
  </datafield>
  <datafield tag="650" ind1=" " ind2="0">
    <subfield code="9">343</subfield>
    <subfield code="a">DERECHO PENAL</subfield>
  </datafield>
  <datafield tag="650" ind1=" " ind2="0">
    <subfield code="9">3047</subfield>
    <subfield code="a">V&#xCD;CTIMA DEL DELITO</subfield>
  </datafield>
  <datafield tag="650" ind1=" " ind2="0">
    <subfield code="9">4958</subfield>
    <subfield code="a">RETROACTIVIDAD DE LA LEY</subfield>
  </datafield>
  <datafield tag="650" ind1=" " ind2="0">
    <subfield code="9">2678</subfield>
    <subfield code="a">ACCI&#xD3;N PENAL</subfield>
  </datafield>
  <datafield tag="650" ind1=" " ind2="0">
    <subfield code="9">4057</subfield>
    <subfield code="a">EXTINCION DE LA ACCION PENAL</subfield>
  </datafield>
  <datafield tag="650" ind1=" " ind2="0">
    <subfield code="9">3902</subfield>
    <subfield code="a">PRESCRIPCI&#xD3;N DE LA ACCI&#xD3;N PENAL</subfield>
  </datafield>
  <datafield tag="650" ind1=" " ind2="0">
    <subfield code="9">2903</subfield>
    <subfield code="a">ABUSO SEXUAL</subfield>
  </datafield>
  <datafield tag="650" ind1=" " ind2="0">
    <subfield code="9">3637</subfield>
    <subfield code="a">TUTELA JUDICIAL EFECTIVA</subfield>
  </datafield>
  <datafield tag="773" ind1="0" ind2=" ">
    <subfield code="0">2658</subfield>
    <subfield code="9">3164</subfield>
    <subfield code="t">Revista de derecho penal y criminolog&#xED;a. N&#xBA; 2 - Marzo 2025</subfield>
    <subfield code="d">Ciudad Aut&#xF3;noma de Buenos Aires : Thomson Reuters La Ley, 2017-</subfield>
    <subfield code="x">00347914</subfield>
  </datafield>
  <datafield tag="942" ind1=" " ind2=" ">
    <subfield code="2">udc</subfield>
    <subfield code="c">ANA</subfield>
  </datafield>
</record>
